| 000 | 00961nam a2200181 u 4500 | ||
|---|---|---|---|
| 001 | 000017238 | ||
| 005 | 20200929165046.0 | ||
| 008 | 100322s2007 sp abc r 001 0 spa d | ||
| 020 | _a8495630001 | ||
| 040 |
_aDO-SdBNP _bspa _cBNPHU |
||
| 082 |
_a036 _bP952e |
||
| 245 | 0 | 3 |
_aMi primaria gran enciclopedia visual educativa /: / _cCreación y realización Thema equipo editorial ; dirección Sacramento Nieto ; ilustración e infografía Miguel Ángel Castaños [et al]. |
| 260 |
_aBarcelona : _bLexus, _c2007. |
||
| 300 |
_a894 p. : _bil. map. retrs. ; _c27 cm. |
||
| 505 | 2 | _aLos seres vivos -- Las plantas -- Los animales -- Nuestro cuerpo -- Los deportes -- Educación cívica -- El planeta tierra -- Conservación de la naturaleza -- La historia del hombre -- Aprender el español -- Aritmética -- Iniciación al álgebra -- Geometría -- Computación -- Física -- Química -- Tierras y pueblos. | |
| 521 | _aPara estudiantes de primaria | ||
| 049 | _aBNPD | ||
| 999 |
_c16763 _d16763 |
||